Statystyki dla Szybka matematyka - podwój tę liczbę!

Kliknij tutaj aby rozwiązać quiz!

Ogólne statystyki

  • Ten quiz został rozwiązany 333 razy
  • Średni wynik to 11 z 20

Statystyki odpowiedzi

numerpodwójnie% Poprawnych
510
100%
5031006
100%
5051010
100%
5061012
100%
51102
100%
5101020
100%
5121024
100%
5141028
100%
5181036
100%
5201040
100%
5211042
100%
5241048
100%
53106
100%
5331066
100%
5411082
100%
5431086
100%
5451090
100%
5481096
100%
5501100
100%
5551110
100%
5611122
100%
5661132
100%
5721144
100%
58116
100%
5831166
100%
5941188
100%
612
100%
60120
100%
6001200
100%
6011202
100%
6021204
100%
6041208
100%
6051210
100%
6091218
100%
61122
100%
6131226
100%
6141228
100%
62124
100%
63126
100%
6301260
100%
6381276
100%
64128
100%
6401280
100%
6441288
100%
6521304
100%
6661332
100%
6701340
100%
6721344
100%
6761352
100%
6791358
100%
6801360
100%
6831366
100%
714
100%
7011402
100%
7031406
100%
7121424
100%
7191438
100%
7241448
100%
7291458
100%
7301460
100%
7311462
100%
7401480
100%
7411482
100%
7501500
100%
7511502
100%
7541508
100%
76152
100%
7601520
100%
7631526
100%
7701540
100%
7761552
100%
7851570
100%
7871574
100%
79158
100%
7931586
100%
7991598
100%
816
100%
80160
100%
8011602
100%
8021604
100%
8041608
100%
8061612
100%
8091618
100%
81162
100%
8101620
100%
8141628
100%
8161632
100%
8171634
100%
8201640
100%
8271654
100%
8281656
100%
8291658
100%
8321664
100%
8361672
100%
8401680
100%
8421684
100%
8441688
100%
85170
100%
8511702
100%
8551710
100%
8571714
100%
8591718
100%
87174
100%
8711742
100%
8801760
100%
8841768
100%
8961792
100%
918
100%
90180
100%
9001800
100%
9011802
100%
9041808
100%
9051810
100%
9071814
100%
9091818
100%
91182
100%
9101820
100%
9121824
100%
92184
100%
9321864
100%
9371874
100%
9391878
100%
94188
100%
9431886
100%
9491898
100%
95190
100%
9581916
100%
9611922
100%
9661932
100%
9731946
100%
9931986
100%
102204
100%
105210
100%
106212
100%
108216
100%
109218
100%
111222
100%
112224
100%
116232
100%
118236
100%
119238
100%
121242
100%
122244
100%
123246
100%
124248
100%
126252
100%
1326
100%
130260
100%
131262
100%
132264
100%
134268
100%
135270
100%
137274
100%
1428
100%
140280
100%
144288
100%
145290
100%
1632
100%
160320
100%
162324
100%
163326
100%
166332
100%
1734
100%
173346
100%
174348
100%
1836
100%
180360
100%
192384
100%
196392
100%
208416
100%
2142
100%
210420
100%
215430
100%
217434
100%
2244
100%
220440
100%
221442
100%
224448
100%
225450
100%
226452
100%
2346
100%
232464
100%
239478
100%
2448
100%
2550
100%
250500
100%
252504
100%
253506
100%
259518
100%
2652
100%
261522
100%
272544
100%
2856
100%
281562
100%
284568
100%
286572
100%
297594
100%
298596
100%
299598
100%
300600
100%
302604
100%
303606
100%
304608
100%
306612
100%
311622
100%
314628
100%
317634
100%
3264
100%
321642
100%
324648
100%
329658
100%
331662
100%
333666
100%
334668
100%
3468
100%
344688
100%
349698
100%
3570
100%
350700
100%
359718
100%
362724
100%
3774
100%
370740
100%
374748
100%
382764
100%
391782
100%
405810
100%
408816
100%
409818
100%
4182
100%
412824
100%
413826
100%
416832
100%
418836
100%
420840
100%
421842
100%
424848
100%
425850
100%
427854
100%
431862
100%
439878
100%
4488
100%
440880
100%
442884
100%
444888
100%
4590
100%
456912
100%
476952
100%
480960
100%
485970
100%
491982
100%
222444
86%
353706
86%
5751150
83%
6211242
83%
6331266
83%
70140
83%
7221444
83%
8001600
83%
98196
83%
101202
83%
143286
83%
205410
83%
3672
83%
3978
83%
422844
83%
445890
83%
5021004
80%
5041008
80%
5321064
80%
5351070
80%
55110
80%
5591118
80%
7261452
80%
7381476
80%
74148
80%
8301660
80%
9451890
80%
100200
80%
1122
80%
136272
80%
1530
80%
171342
80%
182364
80%
184368
80%
214428
80%
229458
80%
275550
80%
3060
80%
315630
80%
319638
80%
345690
80%
351702
80%
415830
80%
430860
80%
5111022
75%
5271054
75%
54108
75%
5741148
75%
5761152
75%
5961192
75%
6061212
75%
6151230
75%
6221244
75%
6371274
75%
6711342
75%
6751350
75%
6901380
75%
7101420
75%
7171434
75%
7181436
75%
7251450
75%
75150
75%
8131626
75%
8311662
75%
8411682
75%
8641728
75%
8681736
75%
8721744
75%
8791758
75%
8931786
75%
9261852
75%
96192
75%
115230
75%
125250
75%
141282
75%
142284
75%
151302
75%
153306
75%
155310
75%
1938
75%
200400
75%
202404
75%
204408
75%
207414
75%
211422
75%
219438
75%
234468
75%
249498
75%
308616
75%
309618
75%
3162
75%
310620
75%
318636
75%
322644
75%
325650
75%
330660
75%
352704
75%
360720
75%
3876
75%
380760
75%
386772
75%
401802
75%
407814
75%
411822
75%
423846
75%
428856
75%
4386
75%
437874
75%
455910
75%
460920
75%
59118
71%
77154
71%
7811562
71%
1224
71%
161322
71%
402804
71%
403806
71%
175350
70%
50100
67%
5091018
67%
5151030
67%
5251050
67%
5301060
67%
5341068
67%
5381076
67%
5491098
67%
5571114
67%
57114
67%
5851170
67%
5901180
67%
6071214
67%
6101220
67%
6201240
67%
6421284
67%
6431286
67%
6511302
67%
6541308
67%
6551310
67%
66132
67%
6611322
67%
7021404
67%
71142
67%
7151430
67%
7201440
67%
7321464
67%
7341468
67%
7611522
67%
7731546
67%
78156
67%
7801560
67%
8071614
67%
8251650
67%
8471694
67%
8491698
67%
8651730
67%
88176
67%
89178
67%
9151830
67%
9221844
67%
9341868
67%
9361872
67%
9441888
67%
9691938
67%
97194
67%
1020
67%
107214
67%
110220
67%
120240
67%
133266
67%
138276
67%
139278
67%
150300
67%
152304
67%
156312
67%
165330
67%
183366
67%
187374
67%
190380
67%
201402
67%
209418
67%
241482
67%
242484
67%
243486
67%
246492
67%
248496
67%
256512
67%
262524
67%
268536
67%
296592
67%
313626
67%
320640
67%
323646
67%
338676
67%
355710
67%
371742
67%
390780
67%
397794
67%
4080
67%
426852
67%
446892
67%
453906
67%
4692
67%
4998
67%
493986
67%
6081216
63%
6811362
63%
84168
63%
5811162
60%
6121224
60%
6351270
60%
8981796
60%
9281856
60%
9401880
60%
9701940
60%
9871974
60%
99198
60%
170340
60%
188376
60%
194388
60%
230460
60%
270540
60%
381762
60%
398796
60%
490980
60%
5511102
57%
7081416
57%
8051610
57%
8701740
57%
8731746
57%
9241848
57%
147294
57%
178356
57%
327654
57%
449898
57%
5131026
50%
5171034
50%
5231046
50%
5281056
50%
5361072
50%
5371074
50%
5401080
50%
5421084
50%
5541108
50%
5561112
50%
56112
50%
5631126
50%
5671134
50%
5681136
50%
5691138
50%
5781156
50%
5981196
50%
6161232
50%
6171234
50%
6271254
50%
6291258
50%
65130
50%
6591318
50%
6621324
50%
6691338
50%
68136
50%
6821364
50%
6841368
50%
6851370
50%
6891378
50%
6911382
50%
6961392
50%
7041408
50%
7051410
50%
7071414
50%
7091418
50%
7111422
50%
7161432
50%
7211442
50%
73146
50%
7331466
50%
7421484
50%
7471494
50%
7521504
50%
7561512
50%
7571514
50%
7661532
50%
7711542
50%
7781556
50%
7791558
50%
7821564
50%
7901580
50%
7911582
50%
7921584
50%
7961592
50%
8031606
50%
8081616
50%
8191638
50%
82164
50%
8211642
50%
8221644
50%
83166
50%
8341668
50%
8371674
50%
8481696
50%
8531706
50%
8611722
50%
8661732
50%
8771754
50%
8821764
50%
8881776
50%
8901780
50%
8971794
50%
9021804
50%
9061812
50%
9081816
50%
9161832
50%
9201840
50%
9211842
50%
9411882
50%
9471894
50%
9621924
50%
9671934
50%
9791958
50%
9861972
50%
9901980
50%
9921984
50%
117234
50%
127254
50%
146292
50%
148296
50%
157314
50%
172344
50%
185370
50%
191382
50%
195390
50%
198396
50%
203406
50%
206412
50%
212424
50%
216432
50%
218436
50%
223446
50%
227454
50%
231462
50%
236472
50%
258516
50%
260520
50%
2754
50%
273546
50%
280560
50%
283566
50%
301602
50%
312624
50%
316632
50%
328656
50%
335670
50%
348696
50%
356712
50%
357714
50%
363726
50%
367734
50%
375750
50%
399798
50%
400800
50%
414828
50%
417834
50%
429858
50%
435870
50%
436872
50%
438876
50%
441882
50%
447894
50%
462924
50%
470940
50%
472944
50%
473946
50%
474948
50%
475950
50%
487974
50%
488976
50%
492984
50%
495990
50%
498996
50%
5951190
43%
6561312
43%
103206
43%
5001000
40%
6251250
40%
6281256
40%
6601320
40%
69138
40%
7481496
40%
7551510
40%
7831566
40%
8391678
40%
8451690
40%
9231846
40%
9311862
40%
9421884
40%
9501900
40%
9541908
40%
9551910
40%
9601920
40%
9841968
40%
9941988
40%
129258
40%
189378
40%
235470
40%
254508
40%
277554
40%
293586
40%
307614
40%
404808
40%
410820
40%
451902
40%
459918
40%
479958
40%
481962
40%
494988
40%
5791158
38%
341682
38%
5161032
33%
5221044
33%
5291058
33%
5311062
33%
5441088
33%
5521104
33%
5641128
33%
5821164
33%
5861172
33%
5911182
33%
6191238
33%
6321264
33%
6411282
33%
6471294
33%
6531306
33%
6631326
33%
6641328
33%
6651330
33%
6741348
33%
6861372
33%
6931386
33%
6941388
33%
6951390
33%
7361472
33%
7391478
33%
7721544
33%
7771554
33%
7951590
33%
8351670
33%
8381676
33%
8461692
33%
8501700
33%
8541708
33%
8561712
33%
8581716
33%
8601720
33%
9131826
33%
9181836
33%
9251850
33%
9271854
33%
9301860
33%
9511902
33%
9721944
33%
9761952
33%
9781956
33%
149298
33%
159318
33%
164328
33%
169338
33%
176352
33%
177354
33%
193386
33%
228456
33%
240480
33%
255510
33%
257514
33%
265530
33%
266532
33%
267534
33%
269538
33%
278556
33%
361722
33%
377754
33%
384768
33%
385770
33%
388776
33%
395790
33%
419838
33%
434868
33%
443886
33%
450900
33%
452904
33%
454908
33%
461922
33%
464928
33%
482964
33%
484968
33%
499998
33%
6971394
29%
7651530
29%
5621124
25%
5771154
25%
6241248
25%
6261252
25%
6341268
25%
6481296
25%
6731346
25%
6921384
25%
7061412
25%
7131426
25%
7351470
25%
7441488
25%
7621524
25%
7671534
25%
8181636
25%
9591918
25%
9641928
25%
9651930
25%
9711942
25%
9751950
25%
113226
25%
158316
25%
186372
25%
197394
25%
238476
25%
247494
25%
263526
25%
289578
25%
364728
25%
373746
25%
448896
25%
458916
25%
466932
25%
467934
25%
471942
25%
483966
25%
5801160
20%
5991198
20%
6391278
20%
7271454
20%
7461492
20%
7591518
20%
7881576
20%
9631926
20%
339678
20%
346692
20%
365730
20%
369738
20%
478956
20%
7001400
17%
8741748
17%
8941788
17%
179358
17%
271542
17%
372744
17%
468936
17%
489978
17%
5461092
14%
497994
14%
5011002
0%
5071014
0%
5081016
0%
5191038
0%
52104
0%
5261052
0%
5391078
0%
5471094
0%
5531106
0%
5581116
0%
5601120
0%
5651130
0%
5701140
0%
5711142
0%
5731146
0%
5841168
0%
5871174
0%
5881176
0%
5891178
0%
5921184
0%
5931186
0%
5971194
0%
6031206
0%
6111222
0%
6181236
0%
6231246
0%
6311262
0%
6361272
0%
6451290
0%
6461292
0%
6491298
0%
6501300
0%
6571314
0%
6581316
0%
6671334
0%
6681336
0%
67134
0%
6771354
0%
6781356
0%
6871374
0%
6881376
0%
6981396
0%
6991398
0%
7141428
0%
72144
0%
7231446
0%
7281456
0%
7371474
0%
7431486
0%
7451490
0%
7491498
0%
7531506
0%
7581516
0%
7641528
0%
7681536
0%
7691538
0%
7741548
0%
7751550
0%
7841568
0%
7861572
0%
7891578
0%
7941588
0%
7971594
0%
7981596
0%
8111622
0%
8121624
0%
8151630
0%
8231646
0%
8241648
0%
8261652
0%
8331666
0%
8431686
0%
8521704
0%
86172
0%
8621724
0%
8631726
0%
8671734
0%
8691738
0%
8751750
0%
8761752
0%
8781756
0%
8811762
0%
8831766
0%
8851770
0%
8861772
0%
8871774
0%
8891778
0%
8911782
0%
8921784
0%
8951790
0%
8991798
0%
9031806
0%
9111822
0%
9141828
0%
9171834
0%
9191838
0%
9291858
0%
93186
0%
9331866
0%
9351870
0%
9381876
0%
9461892
0%
9481896
0%
9521904
0%
9531906
0%
9561912
0%
9571914
0%
9681936
0%
9741948
0%
9771954
0%
9801960
0%
9811962
0%
9821964
0%
9831966
0%
9851970
0%
9881976
0%
9891978
0%
9911982
0%
104208
0%
114228
0%
128256
0%
154308
0%
167334
0%
168336
0%
181362
0%
199398
0%
2040
0%
213426
0%
233466
0%
237474
0%
244488
0%
245490
0%
251502
0%
264528
0%
274548
0%
276552
0%
279558
0%
282564
0%
285570
0%
287574
0%
288576
0%
2958
0%
290580
0%
291582
0%
292584
0%
294588
0%
295590
0%
305610
0%
326652
0%
3366
0%
332664
0%
336672
0%
337674
0%
340680
0%
342684
0%
343686
0%
347694
0%
354708
0%
358716
0%
366732
0%
368736
0%
376752
0%
378756
0%
379758
0%
383766
0%
387774
0%
389778
0%
392784
0%
393786
0%
394788
0%
396792
0%
406812
0%
4284
0%
432864
0%
433866
0%
457914
0%
463926
0%
465930
0%
469938
0%
4794
0%
477954
0%
4896
0%
486972
0%
496992
0%

Rozkład punktacji

Percentyl według liczby udzielonych odpowiedzi

Procent ludzi z każdym wynikiem

Twoja historia wyników

Nie rozwiązałeś tego quizu